000 00227 a2200109 4500
020 _a9780813615202
041 _aspa
100 _aMarshall, James
245 _aJorge y Marta de Vuelta en la Ciudad
942 _cBK
952 _71
999 _c19723
_d19723